000 00338 a2200145 4500
001 153976
040 _cEscola São Tomás de Aquino
100 _aFALCÃO, Adriana
240 1 0 _aMania de explicação
_lpor
245 1 0 _aMania de explicação
362 0 _a2001
440 1 _aModerna
697 _a*LITERATURA INFANTIL
942 _cBK
999 _c153976
_d153976